000 01387nam a2200241Ii 4500
003 JO-AjNU
005 20240624092306.0
008 230605s9999||||xx |||||||||||||| ||und||
040 _aJO-AjNU
_bara
_erda
_cJO-AjNU
041 _aara
050 1 4 _aHF5549.5.2003
100 _aالكلالدة، طاهر محمود خلف
_eمعد
_965483
245 0 0 _aأثر مشاركة العاملين وإتخاذ القرارات والدافعية على الأداء الإداري : دراسة حالة أمانة عمان الكبرى = The Impact of Employee participation, Decision Making, and motivation on administrative performance: a case study of the Greater Amman Municipality
_c/ اعداد طاهر محمود خلف الكلالده : اشراف محمد حسن حافظ
264 3 1 _a 2003
300 _a215ص
336 _atext
_btxt
_2rdacontent
337 _aunmediated
_bn
_2rdamedia
338 _avolume
_bnc
_2rdacarrier
500 _aرسالة جامعية (دكتوراة في ادارة الأعمال)--جامعة السودان للعلوم والتكنولوجيا(السودان)، 2003، يشتمل على المصادروالمراجع الببلوغرافية ص(212-215)ويشتمل على الملاحق ص(1-21)
650 4 _aالأداء الإداري -- العاملين
_950630
700 _aمحمد حسن حافظ
_eمشرف
_965484
942 _2lcc
_cTHS
999 _c25882
_d25882